000
00346nam a2200145Ia 4500
005
20250423094728.0
008
250422s9999 xx 000 0 und d
020
_a
0201334585
245
0
_a
Chemistry : solutions manual for chapter reviews
260
_a
New York
260
_b
Prentice Hall
260
_c
2000
300
_a
115 p
942
_c
BK
999
_c
28118
_d
28118